| 000 | 00608nam a2200217 a 4500 | ||
|---|---|---|---|
| 001 | BRCA_7649 | ||
| 005 | 20190320205928.0 | ||
| 008 | 260713s1963----nyua######---#000-0#eng-# | ||
| 041 | _aeng | ||
| 044 | _anyu | ||
| 050 | 4 |
_aNC1429 _b.P75 1963 |
|
| 100 | 1 |
_aPrice, George _918862 |
|
| 245 | 1 | 0 |
_aMy dear 500 friends _cembalmed and treasured up by George Price. |
| 260 |
_aNueva York _bSimon and Schuster _c1963 |
||
| 300 |
_a1 v. (sin paginación) _bil., dibujos _c29 cm. |
||
| 500 | _aT63 | ||
| 650 | 1 | 4 |
_aCaricaturas _912867 |
| 650 | 1 | 4 |
_aHumorismo estadounidense _910411 |
| 902 | _aGFM | ||
| 942 |
_2lcc _cB |
||
| 999 |
_c7323 _d7323 |
||